| 000 | 00650nam a22002172 4500 | ||
|---|---|---|---|
| 001 | 0000011942 | ||
| 005 | 20151217152103.0 | ||
| 008 | 090122s xx 000 0 eng d | ||
| 020 | _a1412902007 : | ||
| 040 |
_aKABU _cKABU |
||
| 100 | 1 |
_aHughes, Mark. _@0000168017 |
|
| 245 | 1 | 0 |
_aOrganisations and management in social work / _cMark Hughes and Michael Wearing. |
| 250 | _a1st ed. | ||
| 260 |
_aLondon : _bSage, _c2007. |
||
| 300 | _avi, 210 p. | ||
| 650 | 0 |
_aIndustrial welfare. _@0000168018 |
|
| 700 | 1 |
_aWearing, Michael. _@0000168019 |
|
| 852 | 1 | _9p5150 KES | |
| 908 | _a090122 | ||
| 950 | _@1 | ||
| 999 |
_c8104 _d8104 |
||